| 000 | 01380nam a2200253 a 4500 | ||
|---|---|---|---|
| 999 |
_c10757 _d10757 |
||
| 001 | 10757 | ||
| 003 | BD-JhCC | ||
| 005 | 20220829134022.0 | ||
| 008 | 180904s20182013bg |||| |||| 000 0 ben d | ||
| 020 | _a9789848766064 | ||
| 035 | _a(BD-JhCC)10757 | ||
| 040 |
_aBD-JhCC _dBD-JhCC |
||
| 041 | _aben | ||
| 082 |
_a297.63 _bROH 2018 |
||
| 100 | _aরহমান, শাইখুল হাদীস আল্লামা সফিউর | ||
| 245 |
_aআর-রাহীকুল মাখতূম বা মোহরাঙ্কিত জান্নাতী সুধা : _b বিশ্বনাবী মুহাম্মাদ (স) এর বিশ্বখ্যাত জীবনী গ্রন্থ / _cশাইখুল হাদীস আল্লামা সফিউর রহমান মোবারকপুরী, অনুবাদক আব্দুল্লাহ খালেক রহমানী ও মুয়ীনুদ্দীন আহমাদ |
||
| 260 |
_aঢাকা : _bতাওহীদ পাবলিকেশন্স, _c২০১৮ |
||
| 300 |
_a৫৫৯ পৃ. : _c২৫ সেমি. |
||
| 650 | _aBiography of Muhammad (SM) | ||
| 700 | _aরহমানী, আব্দুল্লাহ খালেক | ||
| 700 | _aআহমাদ, মুয়ীনুদ্দীন | ||
| 942 |
_2ddc _cBK _07 |
||